Datum a čas kvízu
23
Celkem bodů
Celkový počet nahraných bodů na tomto kvízu bez doplňovacích otázek.
5.
Pořadí na kvízu
Konečné umístění týmu na tomto kvízu.
Zaznamenané odpovědi
| # | Otázka | Odpověď | Body | Výsledky |
|---|---|---|---|---|
| 1. | Obyvatelé Ostravy se po 21 let... | (Moravskoslezská vědecká) knihovna | 1 | |
| 2. | Ve vysílání maďarské státní te... | Bratislavský hrad | 0 | |
| 3. | Minulý týden získal jistý 62le... | Tom Cruise | 0 | |
| 4. | Skupina Seyfor vedená Martinem... | Dotykačka | 1 | |
| 5. | Minulý týden plnil stránky spo... | Andrej Kollár | 0 | |
| 6. | Podíváme se na několik známých... | Cheops / Chufu (Chufev) | 0 | |
| 7. | V Egyptě ještě chvíli zůstane... | Tutanchamon | 1 | |
| 8. | Kdo je pohřben pod tímto náhro... | Josef Skupa | 0 | |
| 9. | Ve které evropské metropoli se... | v Paříži | 0 | |
| 10. | V poslední otázce tématu se po... | Kolja | 0 |